La mécanigue automobile /

Guardado en:
Detalles Bibliográficos
Autor principal: Menardon, Marcel (Autor)
Formato: Libro
Publicado: Paris : Choterd et Associés, 1979
Etiquetas: Agregar Etiqueta
Sin Etiquetas, Sea el primero en etiquetar este registro!

MARC

LEADER 00000nam a22000003a 4500
001 stu47961
005 20150617225711.2
008 ------s1979----fr----------------------d
040 |a STU  |b slo 
041 0
044 |a fr 
080 |a 629.11.01 
100 1 |a Menardon, Marcel  |4 aut 
245 1 |a La mécanigue automobile /  |c [aut.] Menardon,Marcel 
260 |a Paris :  |b Choterd et Associés,  |c 1979 
996 |b J81695  |c J*81695/K 9  |l JJK9  |s P  |a 0  |w stu47961_0001